[Event "11th EICC Women"]
[Site "Rijeka CRO"]
[Date "2010.03.14"]
[Round "8"]
[White "Kazimova,N"]
[Black "Boyarchenko,M"]
[Result "1-0"]
[WhiteElo "2212"]
[BlackElo "2009"]

1.Nf3 Nf6 2.c4 e6 3.Nc3 d5 4.d4 c6 5.e3 Nbd7 6.Qc2 Bd6 7.g4 dxc4 8.g5 Nd5
9.Bxc4 e5 10.Bd2 exd4 11.Qe4+ Ne7 12.Qxd4 Nf5 13.Qe4+ Ne7 14.Qc2 Nb6 15.Be2 Bh3
16.O-O-O Nbd5 17.Ne4 Bc7 18.Bc3 O-O 19.Ng3 Qe8 20.Bd4 c5 21.Bxg7 Kxg7 22.Bc4 Bxg3
23.hxg3 Bf5 24.e4 Bg6 25.Rxd5 Nxd5 26.Bxd5 Qe7 27.Qc3+ Kg8 28.Qe3 Rad8 29.Nh4 Qe5
30.f4 Qd4 31.Qxd4 cxd4 32.g4 Rxd5 33.exd5 Be4 34.Re1 Rc8+ 35.Kd2 Bxd5 36.Nf5 Rd8
37.Ne7+ Kf8 38.Nxd5 Rxd5 39.Kd3 Ra5 40.a3 Rb5 41.b4 Rb6 42.Kxd4 h6 43.gxh6 Rxh6
44.f5 Rh4 45.Re4 Rh3 46.Re3 Rh4 47.Rg3 Ke7 48.Ke5 f6+ 49.Kf4 Rh1 50.Re3+ Kf7
51.Rc3 Rf1+ 52.Kg3 Rg1+ 53.Kf3 Rf1+ 54.Kg2 Ra1 55.Rc7+ Kg8 56.Rxb7 Rxa3 57.b5 Rb3
58.Kf2 Rb4 59.Kg3 Ra4 60.Kh4 a6 61.b6 Rb4 62.Kh5 a5 63.g5 fxg5 64.Kg6 Kf8
65.f6 Ke8 66.f7+  1-0

[Event "11th EICC Women"]
[Site "Rijeka CRO"]
[Date "2010.03.14"]
[Round "8"]
[White "Medic,Mir"]
[Black "Solic,K"]
[Result "1-0"]
[WhiteElo "2279"]
[BlackElo "2192"]

1.d4 d5 2.Nf3 Nf6 3.c4 e6 4.Nc3 c6 5.e3 Nbd7 6.Bd3 dxc4 7.Bxc4 b5 8.Be2 Bd6
9.e4 e5 10.O-O b4 11.Na4 Qe7 12.Qc2 Bb7 13.Bg5 exd4 14.Bxf6 Qxf6 15.Rfd1 c5
16.Bb5 Qe7 17.e5 Bxf3 18.exd6 Bxd1 19.Rxd1 Qe5 20.Nxc5 O-O 21.Bxd7 Qxd6 22.Bg4 h5
23.Ne4 Qe5 24.Bf3 Rac8 25.Qd3 Qa5 26.Qb3 Qb6 27.h4 a5 28.Ng5 g6 29.Qd3 Qc5
30.Be4 Qc4 31.Qxd4 Qxd4 32.Rxd4 Rc1+ 33.Kh2 Kg7 34.Rd7 a4 35.Ne6+  1-0

[Event "JNBS UWI Masters"]
[Site "Kingston JAM"]
[Date "2010.03.16"]
[Round "2"]
[White "Margvelashvili,G"]
[Black "Zivanic,M"]
[Result "1/2-1/2"]
[WhiteElo "2519"]
[BlackElo "2490"]

1.d4 d5 2.c4 c6 3.Nf3 Nf6 4.Nc3 e6 5.e3 Nbd7 6.Bd3 Bd6 7.O-O O-O 8.b3 b6
9.Bb2 Bb7 10.Rc1 Rc8 11.Qe2 Qe7 12.Rfd1 Rfd8 13.h3 h6 14.Bb1 c5 15.cxd5 exd5
16.dxc5 bxc5 17.Re1 Ne5 18.Nxe5 Bxe5 19.Na4  1/2-1/2

[Event "11th EICC Women"]
[Site "Rijeka CRO"]
[Date "2010.03.16"]
[Round "10"]
[White "Savina,A"]
[Black "Gunina,V"]
[Result "1-0"]
[WhiteElo "2391"]
[BlackElo "2457"]

1.d4 d5 2.c4 e6 3.Nc3 c6 4.Nf3 Nf6 5.e3 Nbd7 6.Bd3 dxc4 7.Bxc4 b5 8.Bd3 a6
9.e4 b4 10.Na4 c5 11.dxc5 Bb7 12.Bg5 Qa5 13.O-O Nxe4 14.Bxe4 Bxe4 15.Re1 Bc6
16.Nd4 Nxc5 17.Nxc6 Qxa4 18.Qf3 Bd6 19.Rad1 h6 20.Rxd6 hxg5 21.b3 Qa3 22.Qd5 Nb7
23.Rdxe6+ Kf8 24.Re7  1-0

[Event "TCh-AUT 2009-10"]
[Site "Baden AUT"]
[Date "2010.03.20"]
[Round "11"]
[White "Buhmann,R"]
[Black "Baldauf,Marc"]
[Result "1-0"]
[WhiteElo "2603"]
[BlackElo "2373"]

1.Nf3 d5 2.d4 Nf6 3.c4 c6 4.Nc3 e6 5.e3 Nbd7 6.Qc2 Bd6 7.b3 O-O 8.Be2 b6
9.O-O Bb7 10.Bb2 Qe7 11.Rfd1 Rfe8 12.Rac1 Rad8 13.g3 a6 14.Bf1 Rc8 15.Bg2 h6
16.e4 Nxe4 17.Nxe4 dxe4 18.Qxe4 Nf6 19.Qc2 c5 20.d5 exd5 21.cxd5 Qd8 22.Qf5 Re2
23.Nd2 Ne8 24.Be4 g6 25.Qf3  1-0

[Event "TCh-AUT 2009-10"]
[Site "Baden AUT"]
[Date "2010.03.20"]
[Round "11"]
[White "Froewis,G"]
[Black "Kreisl,R"]
[Result "1-0"]
[WhiteElo "2274"]
[BlackElo "2380"]

1.d4 d5 2.c4 c6 3.Nc3 Nf6 4.e3 e6 5.Nf3 Nbd7 6.Bd3 dxc4 7.Bxc4 b5 8.Bd3 Bb7
9.O-O a6 10.e4 c5 11.d5 Qc7 12.Bc2 c4 13.dxe6 fxe6 14.Ng5 Nc5 15.Be3 Rd8
16.Qf3 Qc8 17.Qg3 Nd3 18.e5 Nd5 19.Nxh7 Nxc3 20.Qg6+ Kd7 21.bxc3 Qc6 22.Bxd3 cxd3
23.Nxf8+ Rhxf8 24.Qxd3+ Kc8 25.Qg6 Rf5 26.Rad1 Rxd1 27.Rxd1 Rxe5 28.Qxg7 Rd5
29.Rxd5 Qxd5 30.h4 Qe4 31.h5 Qb1+ 32.Kh2 Qf5 33.Bb6 Qf4+ 34.Qg3 Qf7 35.Qc7+  1-0

[Event "Bundesliga 2009-10"]
[Site "Muenchen GER"]
[Date "2010.03.20"]
[Round "12"]
[White "Meister,P"]
[Black "Bindrich,F"]
[Result "1-0"]
[WhiteElo "2396"]
[BlackElo "2516"]

1.d4 Nf6 2.c4 e6 3.Nf3 d5 4.Nc3 c6 5.e3 Nbd7 6.Qc2 Bd6 7.g4 h6 8.Rg1 e5 9.cxd5 cxd5
10.g5 hxg5 11.Nxg5 e4 12.Bd2 Rxh2 13.Nxd5 Nxd5 14.Qxe4+ Ne7 15.Qf3 Nf6 16.e4 Nc6
17.Bc3 Bb4 18.O-O-O Bxc3 19.bxc3 Qc7 20.e5 Bg4 21.Rxg4 Nxg4 22.Qxg4 Rxf2
23.e6 Nd8 24.exf7+ Kf8 25.Nh7+ Kxf7 26.Bc4+ Qxc4 27.Qd7+ Kg8 28.Qe8+ Rf8
29.Nf6+  1-0

[Event "Bundesliga 2009-10"]
[Site "Tegel GER"]
[Date "2010.03.20"]
[Round "12"]
[White "Von Herman,U"]
[Black "Ragger,M"]
[Result "1-0"]
[WhiteElo "2424"]
[BlackElo "2561"]

1.d4 d5 2.c4 e6 3.Nf3 Nf6 4.Nc3 c6 5.e3 Nbd7 6.Bd3 dxc4 7.Bxc4 b5 8.Be2 Be7
9.a3 Bb7 10.e4 a6 11.e5 Nd5 12.Nxd5 cxd5 13.O-O Nb6 14.b3 Bc6 15.Ne1 a5 16.Nd3 a4
17.b4 Nc4 18.f4 O-O 19.Bg4 Kh8 20.Ra2 Qb6 21.Nc5 Qd8 22.f5 Bxc5 23.bxc5 exf5
24.Bxf5 Bd7 25.Bb1 f5 26.Qh5 Qa5 27.Qh3 g6 28.Raf2 Kg8 29.Bh6 Rf7 30.g4 f4
31.Rxf4 Rxf4 32.Rxf4 Qe1+ 33.Rf1 Qe2 34.Bd3 Qxg4+ 35.Qxg4 Bxg4 36.Rf6 Re8
37.c6 b4 38.axb4 g5 39.c7 a3 40.Bb1 Nd2 41.Ba2 Nf3+ 42.Kf2 Nxd4 43.Bxd5+ Kh8
44.e6  1-0

[Event "4th G. Agzamov Mem"]
[Site "Tashkent UZB"]
[Date "2010.03.25"]
[Round "3"]
[White "Golcman,E"]
[Black "Jumabayev,R"]
[Result "0-1"]
[WhiteElo "2292"]
[BlackElo "2542"]

1.c4 e6 2.Nc3 d5 3.d4 Nf6 4.Nf3 c6 5.e3 Nbd7 6.Qc2 Bd6 7.cxd5 exd5 8.Be2 O-O
9.O-O Re8 10.Rb1 a5 11.a3 Qe7 12.Bd2 Ne4 13.Be1 f5 14.b4 f4 15.Bd3 axb4 16.axb4 fxe3
17.fxe3 Ndf6 18.Nd1 Bg4 19.b5 c5 20.dxc5 Nxc5 21.Bb4 Rec8 22.Bf5 Ncd7 23.Bxd6 Qxd6
24.Ra1 Bxf3 25.Rxa8 Rxa8 26.gxf3 Ne5 27.Bd3 Qb4 28.Be2 Re8 29.Qc3 Qe7 30.Kh1 Nf7
31.Rg1 h6 32.Qd4 Ng5 33.Rg3 Kh8 34.Rg1 Ne6 35.Qd2 d4 36.e4 Qd6 37.Nf2 Qf4
38.Rd1 Qh4 39.Bf1 Ng5 40.Bg2 Nh5 41.Nd3 Rf8 42.Ne5 Kh7 43.Kg1 Nf4 44.Rf1 Rc8
45.Ng4 Nge6 46.Kh1 Qg5 47.Rg1 Qxb5 48.Bf1 Qb3 49.Ne5 Qe3 50.Qxe3 dxe3 51.Bc4 Nd4  0-1

[Event "TCh-AUT 2009-10"]
[Site "Baden AUT"]
[Date "2010.03.27"]
[Round "8"]
[White "Boensch,U"]
[Black "Stohl,I"]
[Result "1-0"]
[WhiteElo "2511"]
[BlackElo "2531"]

1.d4 Nf6 2.c4 e6 3.Nf3 d5 4.Nc3 c6 5.e3 Nbd7 6.Bd2 Bd6 7.Qc2 O-O 8.h3 c5
9.cxd5 exd5 10.Nb5 Be7 11.dxc5 Nxc5 12.Be2 Nce4 13.O-O Bf5 14.Rfc1 Rc8 15.Qd1 Qb6
16.Be1 Bd7 17.a4 a6 18.a5 Qd8 19.Nbd4 Rxc1 20.Rxc1 Qb8 21.b4 Bd6 22.b5 axb5
23.Nxb5 Bxb5 24.Bxb5 Rc8 25.Nd4 Be5 26.Rc2 Rc7 27.Qc1 Qd8 28.Bd3 h6 29.Nb5 Rxc2
30.Qxc2 Qd7 31.Bb4 Ne8 32.f3 N4d6 33.Qc5 Qe6 34.Kf2 g6 35.f4 Nxb5 36.fxe5 Nbc7
37.Qf8+ Kh7 38.Bd6 Nxd6 39.Qxd6 Ne8 40.Qxe6 fxe6 41.Bb5 Nc7 42.Bd7 Kg7 43.Bc8 Kf7
44.Bxb7 Nb5 45.Bc6  1-0

[Event "ch-Moscow KO"]
[Site "Moscow RUS"]
[Date "2010.03.27"]
[Round "2.1"]
[White "Rychagov,A"]
[Black "Dobrov,V"]
[Result "1-0"]
[WhiteElo "2551"]
[BlackElo "2510"]

1.d4 d5 2.c4 c6 3.Nf3 Nf6 4.Nc3 e6 5.e3 Nbd7 6.Qc2 Bd6 7.b3 O-O 8.Be2 b6
9.O-O Bb7 10.Bb2 Qe7 11.Rad1 Rad8 12.Rfe1 c5 13.cxd5 exd5 14.Bf1 Rfe8 15.g3 h6
16.Bg2 a6 17.Nh4 Qe6 18.Ne2 Rc8 19.Qb1 Ne4 20.Nf4 Bxf4 21.exf4 g5 22.fxg5 hxg5
23.Nf3 Qf5 24.Re2 c4 25.bxc4 dxc4 26.Nd2 Ndf6 27.d5 c3 28.Bxc3 Nd6 29.Rxe8+ Nfxe8
30.Ne4 b5 31.Ba1 Kf8 32.Qb4 Ke7 33.Re1 Kd7 34.Nc5+ Rxc5 35.Qxc5 g4 36.Be5 Nc4
37.Bf4 Ned6 38.Rc1 Qf6 39.h3 gxh3 40.Bxh3+ Ke7 41.Rxc4  1-0

[Event "TCh-AUT 2009-10"]
[Site "Baden AUT"]
[Date "2010.03.28"]
[Round "9"]
[White "Baumegger,S"]
[Black "Baldauf,Marc"]
[Result "1-0"]
[WhiteElo "2456"]
[BlackElo "2373"]

1.d4 d5 2.c4 c6 3.e3 Nf6 4.Nc3 e6 5.Nf3 Nbd7 6.Qc2 Bd6 7.Bd3 O-O 8.O-O h6
9.b3 b6 10.Bb2 Bb7 11.Rfd1 Qe7 12.Rac1 Rac8 13.e4 dxe4 14.Nxe4 Nxe4 15.Bxe4 Nf6
16.c5 Bf4 17.Rb1 Rfd8 18.b4 Ba6 19.a4 Bb8 20.Bxc6 Rxc6 21.b5 Rcc8 22.bxa6 Rd5
23.Qb3 bxc5 24.Ba3 Nd7 25.dxc5 Nxc5 26.Rxd5 Nxb3 27.Bxe7 exd5 28.Bb4 Nc1
29.Bd2 Ne2+ 30.Kf1 Nf4 31.Rb7 Ne6 32.Be3 Nc7 33.Bxa7 Nxa6 34.Be3 Rc4 35.a5 Ra4
36.Bb6 Bd6 37.Rd7 Bf8 38.Rd8 Rc4 39.Ne5 Rc1+ 40.Ke2  1-0

[Event "TCh-AUT 2009-10"]
[Site "Baden AUT"]
[Date "2010.03.29"]
[Round "10"]
[White "Boensch,U"]
[Black "Schachinger,M"]
[Result "1/2-1/2"]
[WhiteElo "2511"]
[BlackElo "2339"]

1.d4 d5 2.c4 c6 3.Nf3 Nf6 4.Nc3 e6 5.e3 Nbd7 6.Bd3 dxc4 7.Bxc4 b5 8.Be2 Bb7
9.O-O a6 10.e4 b4 11.e5 bxc3 12.exf6 Nxf6 13.bxc3 Bd6 14.Rb1 Qc7 15.Qb3 Rb8
16.Ba3 O-O 17.Bxd6 Qxd6 18.Qb4 Qc7 19.Rb3 a5 20.Qa3 c5 21.Qxc5 Qxc5 22.dxc5 Ne4
23.Rfb1 Nxc5 24.Rb5 Bxf3 25.Bxf3 Rbc8 26.Rxa5 Nd3 27.Rb3 g6 28.g3 Nc1 29.Rba3 Rfd8
30.Kf1 Rd2 31.Ra8 Rxa8 32.Rxa8+ Kg7 33.a4 Rc2 34.a5 Rxc3 35.Bb7 Ra3 36.a6 Nb3
37.Rc8 Nd4 38.Rc7 e5 39.Bc8 Kf6 40.Kg2 h5 41.h4 Nb5 42.Rc6+  1/2-1/2

[Event "33rd Open"]
[Site "Donostia ESP"]
[Date "2010.03.29"]
[Round "2"]
[White "Pogorelov,R"]
[Black "Torres Ganuza,F"]
[Result "1-0"]
[WhiteElo "2486"]
[BlackElo "2109"]

1.Nf3 d5 2.d4 Nf6 3.c4 e6 4.Nc3 c6 5.e3 Be7 6.Bd3 O-O 7.O-O Nbd7 8.e4 dxe4
9.Nxe4 Nxe4 10.Bxe4 Nf6 11.Bc2 c5 12.Qd3 cxd4 13.Bg5 g6 14.Rad1 Qb6 15.Ne5 Kg7
16.Qd2 Ng8 17.Bxe7 Nxe7 18.Qxd4 Qxd4 19.Rxd4 f6 20.Nd7 Rf7 21.Rfd1 Nc6 22.Rd6 Bxd7
23.Rxd7 Ne5 24.Rxf7+ Nxf7 25.Rd7 Rb8 26.Kf1 f5 27.b4 Kf6 28.Bb3 h5 29.c5 Nd8
30.Ke2 Ke5 31.b5 Rc8 32.Kd3 Rxc5 33.Rxd8 Rxb5 34.h4 Rb6 35.g3 Rb4 36.f4+ Kf6
37.Rd7 Rb6 38.Kd4  1-0

[Event "III Montalvo Mem"]
[Site "Gran Canaria ESP"]
[Date "2010.03.29"]
[Round "1"]
[White "Hernandez Carmenates,Hold"]
[Black "Ramirez Medina,O"]
[Result "1-0"]
[WhiteElo "2541"]
[BlackElo "1914"]

1.d4 d5 2.c4 c6 3.Nc3 Nf6 4.e3 e6 5.Nf3 Nbd7 6.Bd3 dxc4 7.Bxc4 b5 8.Bd3 Bb7
9.O-O a6 10.e4 c5 11.e5 Nd5 12.Ng5 Be7 13.Qh5 g6 14.Qh6 Bf8 15.Nxe6 Bxh6
16.Nxd8 Bxc1 17.Nxb7 Nxc3 18.Rfxc1 Na4 19.b3  1-0

[Event "ch-VIE"]
[Site "Ho Chi Minh City VIE"]
[Date "2010.03.31"]
[Round "9"]
[White "Nguyen Huynh Minh Huy"]
[Black "Dao Thien Hai"]
[Result "0-1"]
[WhiteElo "2469"]
[BlackElo "2523"]

1.d4 d5 2.c4 e6 3.Nf3 c6 4.e3 Nf6 5.Nc3 Nbd7 6.Bd3 dxc4 7.Bxc4 b5 8.Be2 Bb7
9.O-O a6 10.e4 c5 11.d5 exd5 12.exd5 Bd6 13.Bg5 Qb8 14.a4 b4 15.Nb1 O-O 16.Nbd2 Bxd5
17.h3 h6 18.Be3 Rc8 19.Rc1 Bf8 20.Re1 Be6 21.Bf1 Nd5 22.Nc4 N7f6 23.Qc2 Qc7
24.Ncd2 Bd6 25.Nb3 Nxe3 26.fxe3 Bg3 27.Red1 c4 28.Nbd4 Bd5  0-1

[Event "Doeberl Cup"]
[Site "Canberra AUS"]
[Date "2010.04.01"]
[Round "1"]
[White "Kunte,A"]
[Black "Schon,E"]
[Result "1/2-1/2"]
[WhiteElo "2515"]
[BlackElo "2162"]

1.d4 d5 2.c4 c6 3.Nc3 Nf6 4.e3 e6 5.Nf3 a6 6.a3 Nbd7 7.c5 g6 8.b4 Bg7 9.Bb2 O-O
10.Be2 Qe7 11.Na4 e5 12.dxe5 Ne4 13.O-O Nxe5 14.Bd4 Bf5 15.Ra2 Rad8 16.Ne1 Nd7
17.Bxg7 Kxg7 18.Qd4+ Qf6 19.Nf3 Bg4 20.Rd1 Rfe8 21.Qxf6+ Kxf6 22.h3 Bxf3
23.Bxf3 h5 24.Rd4 Ng5 25.Be2 Ne6 26.Rd1 Ke7 27.Nb2 f5 28.Nd3 Kf6 29.Nc1 Ne5
30.Nb3 f4 31.Na5 Rd7 32.exf4 Nxf4 33.Bf1 d4 34.g3 Nd5 35.f4 Nf3+ 36.Kf2 Nc3
37.Raa1 Nxd1+ 38.Rxd1 Re3 39.Bg2 Nh2 40.Nc4 Rc3 41.Ne5 Rd8 42.Kg1 d3 43.Kxh2 d2
44.h4 Rc1 45.Bf3 Rd4 46.Kg2 Rxd1 47.Bxd1 Re4 48.Nd3 Re3 49.Nb2 Re1 50.Kf3 Ke7
51.Kf2 Kf6 52.Be2 Rb1 53.Nd1 Rb3 54.a4 Rxb4 55.Nc3 d1=Q 56.Nxd1 Rxa4 57.Ke3 Ra3+
58.Bd3 a5 59.Kd4 Rb3 60.Nc3 Rb4+ 61.Bc4 Kf5 62.Ne2 Kg4 63.Kc3 Kf3 64.Bd3 Ra4
65.Kb2 b5 66.cxb6 Rb4+ 67.Kc3 Rxb6 68.Nd4+ Kxg3 69.Bxg6 Kxf4 70.Bxh5 c5 71.Nb3 Rxb3+
72.Kxb3 Kg3  1/2-1/2

[Event "Doeberl Cup"]
[Site "Canberra AUS"]
[Date "2010.04.01"]
[Round "2"]
[White "Wyss,F"]
[Black "Lane,G"]
[Result "0-1"]
[WhiteElo "1975"]
[BlackElo "2379"]

1.d4 d5 2.c4 c6 3.Nf3 Nf6 4.Nc3 e6 5.e3 Nbd7 6.a3 Bd6 7.b4 O-O 8.Qc2 Qe7
9.Bb2 Re8 10.Rd1 dxc4 11.Bxc4 a5 12.bxa5 Bxa3 13.Ra1 Bb4 14.O-O Rxa5 15.Ba2 h6
16.Bb1 Rxa1 17.Bxa1 Bd6 18.g4 e5 19.g5 hxg5 20.Nxg5 exd4 21.exd4 Nf8 22.h4 Bg4
23.Ba2 Bh5 24.Qb3 Bf4 25.d5 Bxg5 26.d6 Qd7 27.hxg5 Qg4+ 28.Kh2 Qh4+ 29.Kg1 Ng4  0-1

[Event "33rd Open"]
[Site "Donostia ESP"]
[Date "2010.04.01"]
[Round "5"]
[White "Navarro Rivas,R"]
[Black "Cruz Lopez Claret,C"]
[Result "0-1"]
[WhiteElo "2046"]
[BlackElo "2318"]

1.d4 d5 2.Nf3 Nf6 3.c4 c6 4.e3 e6 5.Nc3 Nbd7 6.Bd3 dxc4 7.Bxc4 b5 8.Bd3 Bd6
9.O-O O-O 10.e4 e5 11.Re1 Re8 12.Bg5 Bb7 13.a4 b4 14.Ne2 h6 15.Bh4 Rc8 16.Rc1 exd4
17.Nexd4 Ne5 18.Bb1 Ng6 19.Bg3 Bxg3 20.hxg3 c5 21.Nb5 Bxe4 22.Qxd8 Rcxd8
23.Bxe4 Nxe4 24.Rc4 f5 25.g4 fxg4 26.Nh2 Nd2 27.Rxe8+ Rxe8  0-1

[Event "33rd Open"]
[Site "Donostia ESP"]
[Date "2010.04.01"]
[Round "6"]
[White "Tratar,M"]
[Black "San Segundo Carrillo,P"]
[Result "1-0"]
[WhiteElo "2486"]
[BlackElo "2534"]

1.d4 d5 2.c4 c6 3.Nf3 Nf6 4.e3 e6 5.Nc3 Nbd7 6.Qc2 Bd6 7.Bd3 O-O 8.O-O dxc4
9.Bxc4 e5 10.Bb3 Qe7 11.h3 Bb8 12.Bd2 h6 13.Nh4 Rd8 14.Nf5 Qe8 15.f4 exd4
16.exd4 Nf8 17.Rae1 Be6 18.d5 Nxd5 19.Nxd5 cxd5 20.Nxg7 Kxg7 21.f5 Qc6 22.fxe6 fxe6
23.Bc3+ d4 24.Qf2 Qd6 25.Qf7+ Kh8 26.Qf6+ Kg8 27.Qf7+ Kh8 28.Qf6+ Kg8 29.Rxe6 Qh2+
30.Kf2 Qf4+ 31.Ke2  1-0

[Event "33rd Open"]
[Site "Donostia ESP"]
[Date "2010.04.01"]
[Round "6"]
[White "Cruz Lopez Claret,C"]
[Black "Almeida Toledano,D"]
[Result "1/2-1/2"]
[WhiteElo "2318"]
[BlackElo "2367"]

1.d4 d5 2.c4 c6 3.Nc3 Nf6 4.e3 e6 5.Nf3 Nbd7 6.Bd3 dxc4 7.Bxc4 b5 8.Bd3 Bd6
9.O-O O-O 10.b3 Bb7 11.Bb2 Qe7 12.a4 a6 13.Ne4 Nxe4 14.Bxe4 f5 15.Bd3 e5
16.e4 c5 17.dxe5 Nxe5 18.Nxe5 Bxe5 19.Bxe5 Qxe5 20.axb5 axb5 21.Rxa8 Bxa8
22.exf5 Qd5 23.f3 Rd8 24.Be2 Qxd1 25.Rxd1 Rxd1+ 26.Bxd1 Kf7 27.Kf2 Kf6 28.g4 Bd5
29.Ke3 Ke5 30.f4+ Kd6 31.Bc2 h6 32.h4 Ke7 33.g5 h5 34.Kd2 b4 35.Bd1 Bf7 36.Kc2 Be8
37.Be2 Bf7 38.Bb5 Bd5 39.Bd3 Bf7 40.Be4 Be8 41.Bd5 Bd7 42.Be4 Be8 43.Bf3 Bf7
44.Bd1 Kd7 45.Kd3 Kd6 46.Kc2 Ke7 47.g6 Bd5 48.Bxh5 Be4+ 49.Kd2 Bxf5 50.Be2 Bxg6
51.Bc4 Kf6 52.Ke3 Bc2 53.Bg8 Bf5 54.Bc4 Bg6 55.Bd5 Bc2 56.Bc4 Bf5  1/2-1/2

[Event "33rd Open"]
[Site "Donostia ESP"]
[Date "2010.04.01"]
[Round "6"]
[White "Aranaz Portugues,J"]
[Black "Torres,P"]
[Result "0-1"]
[WhiteElo "2169"]
[BlackElo "2002"]

1.d4 d5 2.c4 c6 3.Nc3 Nf6 4.Nf3 e6 5.e3 Nbd7 6.Qc2 Bd6 7.g4 dxc4 8.Bxc4 Nd5
9.Bd2 b5 10.Be2 Nxc3 11.Bxc3 b4 12.Bd2 Bb7 13.e4 c5 14.dxc5 Bxc5 15.Bb5 Bxf2+
16.Kxf2 Qb6+ 17.Be3 Qxb5 18.Rhd1 Nf6 19.Nd4 Nxg4+ 20.Kf3 Qh5 21.Qa4+ Kf8
22.Qxb4+ Kg8 23.Qxb7 Qh3+ 24.Kf4 Qxe3+ 25.Kxg4 h5+  0-1

[Event "21st Pobeskydi Chance Cup"]
[Site "Frydek-Mistek CZE"]
[Date "2010.04.01"]
[Round "1"]
[White "Sakalauskas,V"]
[Black "Klecker,T"]
[Result "1-0"]
[WhiteElo "2418"]
[BlackElo "2175"]

1.d4 d5 2.c4 c6 3.Nc3 Nf6 4.e3 e6 5.Nf3 Nbd7 6.Qc2 dxc4 7.Bxc4 b5 8.Bd3 a6
9.a4 Bb7 10.O-O b4 11.Ne4 c5 12.Nxf6+ Nxf6 13.dxc5 Rc8 14.Qe2 Qa5 15.Nd4 Bxc5
16.Nb3 Qb6 17.Nxc5 Rxc5 18.e4 Qa5 19.Be3 Rc8 20.f3 Nd7 21.Bc4 O-O 22.Rfd1 Ne5
23.Bb3 Rfd8 24.Rac1 Rxc1 25.Rxc1 Nc6 26.Rd1 Qc7 27.Rxd8+ Qxd8 28.Qd1 Qe7
29.Bc4 h6 30.Qe2 a5 31.Qd2 Qc7 32.Bb5 e5 33.h3 Kh7 34.Qc2 Qd6 35.Qc5 Qd1+
36.Kh2 Qb3 37.Bg1 Qe6 38.Bc4 Qf6 39.Bd5 h5 40.Qb6 Qf4+ 41.Kh1 Nd4 42.Bxb7 Ne2
43.Be3 Qh4 44.Bf2 Qg5 45.Qe3 Nf4 46.g3  1-0

[Event "Doeberl Cup"]
[Site "Canberra AUS"]
[Date "2010.04.02"]
[Round "4"]
[White "Goldenberg,I"]
[Black "Hu,J"]
[Result "1-0"]
[WhiteElo "2404"]
[BlackElo "2163"]

1.c4 c6 2.d4 d5 3.Nc3 Nf6 4.Nf3 e6 5.e3 Bd6 6.Qc2 Nbd7 7.Be2 O-O 8.O-O b6
9.e4 dxe4 10.Nxe4 Qc7 11.Nxd6 Qxd6 12.b3 c5 13.dxc5 Qxc5 14.Bb2 Bb7 15.Qd2 Rad8
16.Rad1 Rfe8 17.Bxf6 gxf6 18.Qf4 Kg7 19.Qg4+ Kh8 20.Qh4 Rg8 21.Rd3 Qf5 22.Rfd1 Rg4
23.Qh6 Rdg8 24.g3 Nc5 25.Nd4 Qg5 26.Qxg5 R4xg5 27.R3d2 Ne4 28.Rc2 Nc5 29.Nb5 Ba8
30.Nxa7 f5 31.Rcd2 f4 32.Rd8 f3 33.Bf1 Ne4 34.h4 Rg7 35.Nc8 Nc3 36.R1d2 Ne4
37.R2d3 Nc5 38.Rd1 Bc6 39.Ne7 Be8  1-0

[Event "14th Neckar-Open"]
[Site "Deizisau GER"]
[Date "2010.04.02"]
[Round "2"]
[White "Van Ketel,R"]
[Black "Buhmann,R"]
[Result "0-1"]
[WhiteElo "2231"]
[BlackElo "2587"]

1.d4 d5 2.c4 c6 3.Nc3 Nf6 4.e3 e6 5.Nf3 a6 6.c5 b6 7.cxb6 Nbd7 8.Bd2 Nxb6
9.Na4 Nxa4 10.Qxa4 Bd7 11.Ba5 c5 12.Bxd8 Bxa4 13.Ba5 Ne4 14.b3 Bb5 15.Rc1 f6
16.dxc5 Nxc5 17.Nd4 Bd7 18.Be2 Bd6 19.O-O Ke7 20.Rfd1 Rhc8 21.g3 e5 22.Nc2 Bb5
23.Bf1 Bxf1 24.Kxf1 Ke6 25.f3 Nb7 26.Bd2 a5 27.Ke2 h5 28.Ne1 Ba3 29.Rxc8 Rxc8
30.Rb1 g5 31.h3 Kf5 32.Kd1 g4 33.hxg4+ hxg4 34.fxg4+ Ke4 35.b4 Nd6 36.bxa5 Nc4
37.Rb3 Rh8 38.a6 Rh2 39.Ng2 Bc5 40.a4 Rxg2  0-1

[Event "21st Pobeskydi Arcelor Mittal Cup"]
[Site "Frydek-Mistek CZE"]
[Date "2010.04.02"]
[Round "3"]
[White "Kudzma,L"]
[Black "Diviak,Ra"]
[Result "1-0"]
[WhiteElo "2236"]
[BlackElo "2043"]

1.d4 d5 2.c4 c6 3.Nc3 Nf6 4.e3 e6 5.Nf3 Nbd7 6.Qc2 Bd6 7.e4 dxe4 8.Nxe4 Nxe4
9.Qxe4 Nf6 10.Qc2 c5 11.dxc5 Bxc5 12.Bd3 O-O 13.O-O b6 14.Bg5 h6 15.Bh7+ Kh8
16.Be4 Rb8 17.Bf4 Bb7 18.Bxb7 Rxb7 19.Rad1 Qe7 20.Ne5 Nd7 21.Qd2 Nxe5 22.Bxe5 f6
23.Bc3 Kg8 24.b3  1-0

[Event "Philadelphia Open"]
[Site "Philadelphia USA"]
[Date "2010.04.02"]
[Round "5"]
[White "Bartholomew,J"]
[Black "Kleiman,J"]
[Result "1/2-1/2"]
[WhiteElo "2447"]
[BlackElo "2318"]

1.Nf3 d5 2.d4 c6 3.c4 Nf6 4.Nc3 e6 5.e3 Nbd7 6.Qc2 Bd6 7.Be2 O-O 8.O-O dxc4
9.Bxc4 a6 10.e4 e5 11.Be2 Re8 12.Rd1 Qc7 13.g3 h6 14.b3 b5 15.Bb2 Bb7 16.dxe5 Nxe5
17.Nxe5 Bxe5 18.Bf3 c5 19.Nd5 Bxd5 20.exd5 Bxb2 21.Qxb2 Qd6 22.a4  1/2-1/2

[Event "II Genset Cup"]
[Site "Szombathely HUN"]
[Date "2010.04.02"]
[Round "8"]
[White "Kiss,At"]
[Black "Majeric,Z"]
[Result "1-0"]
[WhiteElo "2342"]
[BlackElo "2255"]

1.d4 Nf6 2.Nf3 d5 3.c4 c6 4.Nc3 e6 5.e3 Nbd7 6.Bd3 Bd6 7.e4 dxe4 8.Nxe4 Nxe4
9.Bxe4 Nf6 10.Bc2 Qa5+ 11.Bd2 Bb4 12.a3 Bxd2+ 13.Qxd2 Qxd2+ 14.Kxd2 Ke7 15.Kc3 b6
16.Rhe1 Bb7 17.Ne5 c5 18.d5 Rhd8 19.Rad1 Kf8 20.dxe6 fxe6 21.f3 Rxd1 22.Rxd1 Ke7
23.Bxh7 Nxh7 24.Rd7+ Kf6 25.f4 Kf5 26.Rxg7 Nf6 27.Rf7  1-0

[Event "Najdorf Centenary Open"]
[Site "Buenos Aires ARG"]
[Date "2010.04.03"]
[Round "2"]
[White "Quiroga,F"]
[Black "Quinzio,M"]
[Result "1-0"]
[WhiteElo "2334"]
[BlackElo "2027"]

1.d4 d5 2.c4 c6 3.Nf3 Nf6 4.Nc3 e6 5.e3 Nbd7 6.Qc2 Be7 7.b3 O-O 8.Bd3 dxc4
9.bxc4 Qc7 10.O-O e5 11.Bb2 exd4 12.exd4 Re8 13.Rfe1 Nf8 14.Ne5 Ng4 15.Nxg4 Bxg4
16.h3 Bh5 17.Re5 Bg6 18.Rae1 Qd7 19.Bxg6 Nxg6 20.R5e4 Bb4 21.Rxe8+ Rxe8 22.Rxe8+ Qxe8
23.Qe4 Kf8 24.Qe3 Qxe3 25.fxe3 Bxc3 26.Bxc3 Ke7 27.g4 Ke6 28.Kf2 b5 29.cxb5 cxb5
30.e4 f6 31.Kg3 Nf8 32.h4 Nd7 33.Kf4 Nb6 34.d5+ Kf7 35.Bd4 Nc8 36.g5 a5 37.gxf6 gxf6
38.Bc5 Ne7  1-0

[Event "Doeberl Cup"]
[Site "Canberra AUS"]
[Date "2010.04.03"]
[Round "5"]
[White "Kunte,A"]
[Black "Goldenberg,I"]
[Result "1/2-1/2"]
[WhiteElo "2515"]
[BlackElo "2404"]

1.d4 d5 2.c4 c6 3.Nc3 Nf6 4.e3 e6 5.Nf3 Nbd7 6.Qc2 Bd6 7.Bd3 O-O 8.O-O h6
9.b3 b6 10.Bb2 Bb7 11.cxd5 exd5 12.Ne2 Re8 13.Ng3 Bf8 14.Qe2 Ne4 15.Ba6 Qc8
16.Bxb7 Qxb7 17.Rfc1 Rac8 18.Rc2 g6 19.Rac1 Bd6 20.Ne1 h5 21.Nf1 Re6 22.Nd3 Bb8
23.Nb4 c5 24.Qa6 Qxa6 25.Nxa6 Bd6 26.Nb4 Ndf6 27.dxc5 Rxc5 28.Nd3 Rxc2 29.Rxc2 Nc5
30.Nxc5 bxc5 31.Nd2 Be7 32.Kf1 Ra6 33.Bxf6 Rxf6 34.e4 dxe4 35.Nxe4 Ra6 36.Ke2 f5
37.Nd2 Kf7 38.Kd3 Ke6 39.Nc4 Bf6 40.Re2+ Kd7 41.Rc2 Re6 42.h3 Re1 43.Ne3 Kd6
44.Nc4+ Kd7 45.Ne3 Kd6 46.Nc4+ Kd5 47.Ne3+  1/2-1/2

[Event "Doeberl Cup"]
[Site "Canberra AUS"]
[Date "2010.04.03"]
[Round "6"]
[White "Steadman,M"]
[Black "Lane,G"]
[Result "0-1"]
[WhiteElo "2264"]
[BlackElo "2380"]

1.d4 d5 2.Nf3 Nf6 3.c4 c6 4.Nc3 e6 5.e3 Nbd7 6.Bd3 dxc4 7.Bxc4 b5 8.Be2 Bd6
9.O-O O-O 10.e4 e5 11.Bg5 a6 12.Rc1 Bb7 13.dxe5 Nxe5 14.Nd4 Ned7 15.Nf5 Be5
16.Qc2 h6 17.Bh4 Qb6 18.Kh1 c5 19.f3 Qc7 20.Rfd1 Bf4 21.Bg3 Bxg3 22.Nxg3 Nb6
23.a4 b4 24.Nb1 Nfd7 25.Nd2 a5 26.Nf5 Rfd8 27.b3 Kh7 28.Qb2 f6 29.Nf1 Ne5
30.Rxd8 Rxd8 31.Qc2 c4 32.bxc4 Qc5 33.N5e3 Bc6 34.Ra1 Be8 35.f4 Nc6 36.e5+ Kg8
37.exf6 Nd4 38.Qd3 b3 39.Bd1 Rd6 40.Qe4 Re6 41.Qb7 Rxf6 42.Rb1 Bg6 43.Rb2 Nxa4
44.Rd2 b2 45.f5 Bxf5  0-1

[Event "21st Pobeskydi Chance Cup"]
[Site "Frydek-Mistek CZE"]
[Date "2010.04.03"]
[Round "5"]
[White "Kovac,A"]
[Black "Stachowiak,K"]
[Result "0-1"]
[WhiteElo "2126"]
[BlackElo "2401"]

1.d4 d5 2.c4 e6 3.Nc3 c6 4.e3 Nf6 5.Nf3 Nbd7 6.Bd3 Bd6 7.O-O O-O 8.e4 dxe4
9.Nxe4 Nxe4 10.Bxe4 h6 11.Bc2 e5 12.Re1 exd4 13.Qxd4 Bc5 14.Qc3 a5 15.a3 Qb6
16.Be3 Bxe3 17.Rxe3 Nf6 18.Rae1 c5 19.Nh4 Rd8 20.Bf5 Qc7 21.Rg3 Rd4 22.Qe3 Bxf5
23.Nxf5 Rg4 24.Qf3 Rxg3 25.hxg3 Qb6 26.Re7 Qxb2 27.Rxb7 Qc1+ 28.Kh2 h5 29.Ne3 Re8
30.Nd1 Qxc4 31.Ne3 Qc1 32.g4 hxg4 33.Nxg4 Nxg4+ 34.Qxg4 Qh6+ 35.Qh3 Qf4+
36.Qg3 Qe4 37.Rb8 g6 38.Rxe8+ Qxe8 39.Qc3 Qb8+ 40.g3 Qb5 41.Qf6 Qd3 42.Qb2 c4
43.Qb8+ Kh7 44.Qf4 Qd5 45.Qf6 Qf5 46.Qb2 Qd3 47.Qf6 Kg8 48.Qe7 c3 49.Qe8+ Kg7
50.Qe5+ Kh7 51.Qc7 Qf3 52.Kg1 Kg7 53.Qe5+ Kf8 54.Qxa5 Qd1+ 55.Kh2 Qh5+  0-1